Central Library OPAC University of Rajshahi

Medical embryology : (Record no. 69559)

MARC details
000 -LEADER
fixed length control field 00765nam a2200241 a 4500
001 - CONTROL NUMBER
control field 69559
003 - CONTROL NUMBER IDENTIFIER
rucl marc code BD-RjUL
005 - DATE AND TIME OF LATEST TRANSACTION
control field 20211209081913.0
008 - FIXED-LENGTH DATA ELEMENTS--GENERAL INFORMATION
fixed length control field 170412r19641963mdua b 001 0 eng d
035 ## - SYSTEM CONTROL NUMBER
System control number (BD-RjUL)69771
040 ## - CATALOGING SOURCE
Original cataloging agency DLC/ICU
Transcribing agency ICU
Modifying agency BD-RjUL
Language of cataloging eng
041 ## - LANGUAGE CODE
Language code of text/sound track or separate title eng
082 00 - DEWEY DECIMAL CLASSIFICATION NUMBER
Classification number 612.646
Edition number 23
Author mark and year LAM 1964
100 1# - MAIN ENTRY--PERSONAL NAME
Personal name Langman, Jan.
9 (RLIN) 206038
245 10 - TITLE STATEMENT
Title Medical embryology :
Remainder of title human development, normal and abnormal /
Statement of responsibility, etc. Jan Langman
260 ## - PUBLICATION, DISTRIBUTION, ETC. (IMPRINT)
Place of publication, distribution, etc. Baltimore :
Name of publisher, distributor, etc. Williams and Wilkins Co.,
Date of publication, distribution, etc. c1963 [Reprinted 1964]
300 ## - PHYSICAL DESCRIPTION
Pagination 335 p. :
Illustrations ill. ;
Size 24 cm.
500 ## - GENERAL NOTE
General note Illustrations by Jill Leland
504 ## - BIBLIOGRAPHY, ETC. NOTE
Bibliography, etc Includes bibliography and index.
650 #0 - SUBJECT ADDED ENTRY--TOPICAL TERM
Topical term or geographic name as entry element Embryology, Human.
9 (RLIN) 206039
Topical term or geographic name as entry element Abnormalities, Human.
9 (RLIN) 206040
942 ## - ADDED ENTRY ELEMENTS (KOHA)
Source of classification or shelving scheme Dewey Decimal Classification
Koha item type Books
Holdings
Lost status Source of classification or shelving scheme Damaged status Not for loan Collection code Permanent Location Current Location Shelving location Date acquired Source of acquisition Total Checkouts Full call number Date last seen Copy number Koha item type
  Dewey Decimal Classification   Not For Loan Non-fiction Central Library, University of Rajshahi Central Library, University of Rajshahi Reading Room 27/06/1966 Asia Foundation   612.646 LAM 1964 12/04/2017 C-1 Books